Albuquerque Int'l Sunport Desitinations (ABQ) - Statistics

General Stats
  • This quiz has been taken 96 times
    69 since last reset
  • The average score is 24 of 27
Answer Stats
Hint Airlines Answer % Correct
Georgia Delta Atlanta
98%
Texas Southwest, Allegiant Austin
98%
Illinois Southwest Chicago (Midway)
98%
Illinois American, United Chicago (O'Hare)
98%
Texas American Dallas (DFW)
98%
Texas United Houston (Bush)
98%
Texas Southwest Houston (Hobby)
98%
Nevada Southwest, Allegiant Las Vegas
98%
California American, Delta, Southwest Los Angeles
98%
New York JetBlue New York City
98%
Arizona American, Southwest Phoenix
98%
Utah Delta Salt Lake City
98%
California Southwest San Diego
98%
Texas Southwest Dallas (Love)
95%
Colorado United, Southwest, Frontier Denver
95%
Oregon Alaska Portland
95%
California United San Francisco
95%
Maryland Southwest Baltimore
93%
Minnesota Delta Minneapolis
93%
Washington Alaska Seattle
93%
Missouri Southwest Kansas City
90%
Texas Southwest San Antonio
83%
Florida Allegiant Sanford
81%
California Southwest Oakland
71%
California Southwest Burbank
62%
New Mexico Boutique Carlsbad
40%
New Mexico Advanced Silver City
21%
No matching quizzes found
Score Distribution
Percent of People with Each Score
Percentile by Number Answered
Your Score History
You have not taken this quiz since the last reset